[Event "Titled Tuesday intern op 12th Mar Early"]
[Site "Chess.com INT"]
[Date "2024.03.12"]
[Round "8"]
[White "Kopczynski, Michal"]
[Black "Vantika, Agrawal"]
[Result "0-1"]
[WhiteElo "2225"]
[BlackElo "2398"]
[PlyCount "62"]
[EventDate "2024.03.12"]
[EventType "swiss (blitz)"]
[EventRounds "11"]
[EventCountry "USA"]
[SourceTitle "CB12_2024"]
[SourceDate "2023.10.01"]
[SourceVersion "1"]
[SourceVersionDate "2023.10.01"]
[SourceQuality "1"]

1. e4 g6 2. d4 Bg7 3. Nc3 d6 4. Bg5 h6 5. Bh4 a6 6. Qd2 b5 7. 0-0-0 Nd7 8. f4 c6 9. e5 d5 10. e6 fxe6 11. Bd3 Nf8 12. Nf3 Bd7 13. Ne5 Qb6 14. Ne2 Nf6 15. g4 c5 16. dxc5 Qxc5 17. g5 hxg5 18. fxg5 Rxh4 19. gxf6 exf6 20. Nxg6 Nxg6 21. Bxg6+ Ke7 22. Kb1 Bh6 23. Qd3 Qe3 24. Qxe3 Bxe3 25. Ng3 f5 26. Bxf5 exf5 27. Rxd5 f4 28. Rhd1 Be6 29. Nf5+ Bxf5 30. Rxf5 Rxh2 31. Re1 Rf8 0-1

[Event "Titled Tuesday intern op 12th Dec Early"]
[Site "Chess.com INT"]
[Date "2023.12.12"]
[Round "1"]
[White "Kopczynski, Michal"]
[Black "Cardozo Munar, Carlos Eduardo"]
[Result "0-1"]
[WhiteElo "2225"]
[BlackElo "2043"]
[PlyCount "104"]
[EventDate "2023.12.12"]
[EventType "swiss (blitz)"]
[EventRounds "11"]
[EventCountry "USA"]
[SourceTitle "CB51_2023"]
[SourceDate "2023.12.20"]
[SourceVersion "1"]
[SourceVersionDate "2023.12.20"]
[SourceQuality "1"]

1. e4 e6 2. d4 d5 3. Nc3 Nf6 4. e5 Nfd7 5. f4 c5 6. dxc5 Nc6 7. Nf3 Bxc5 8. Bd3 0-0 9. Bxh7+ Kxh7 10. Ng5+ Kg6 11. Qg4 f5 12. Qg3 Qe7 13. Qh4 Ndxe5 14. fxe5 Nxe5 15. Bf4 Nf7 16. Qh7+ Kf6 17. Nxf7 Kxf7 18. 0-0-0 Bd7 19. Rhe1 Rh8 20. Nxd5 Rxh7 21. Nxe7 Kxe7 22. Bg5+ Ke8 23. h3 Be7 24. Bf4 Rh4 25. Be5 Bf6 26. Bg3 Re4 27. Rxe4 fxe4 28. c3 Bc6 29. Bc7 Rc8 30. Bf4 Rd8 31. Re1 a6 32. Kc2 Kf7 33. g4 Rd3 34. Be3 Bb5 35. g5 Be5 36. h4 Kg6 37. Bd2 e3 38. Bxe3 Bg3 39. Re2 Rxc3+ 40. Kxc3 Bxe2 41. Kd4 Bxh4 42. Ke5 Bxg5 43. Bb6 Bc4 44. b3 Bd5 45. Bc7 Bf6+ 46. Kf4 Kf7 47. Ke3 g5 48. Kf2 Kg6 49. Kg3 Kf5 50. Kf2 g4 51. Kg3 Be5+ 52. Kf2 Bxc7 0-1